000 00669nam a22002177a 4500
005 20260422093534.0
008 260422b |||||||| |||| 00| 0 eng d
020 _a9789347492402
_c340
040 _aMAIN
041 _aasm
082 _a320
_bGOH
100 _aGohain, N.
_qNabin
245 _aসমসাম​য়িক ৰাজনৈতিক অৰ্থনীতি / Samasamoyik Rajnoitik Arthaniti
_bContemporary Political Economy
250 _a1st Ed.
260 _aJorhat
_bBidya Bhawan
_c2026
300 _a376 p. ;
_c14 x 21 cm
505 _a6th Semester Major NEP
650 _aPolitiical Science
700 _bBora, Pankaj
942 _2ddc
_cBK
999 _c16408
_d16408